[Event "Haarlem Nova College op 14th"]
[Site "Haarlem"]
[Date "2016.07.02"]
[Round "2"]
[White "Castaneda, Georgui"]
[Black "Kerkvliet, Maximiliaan"]
[Result "1-0"]
[WhiteElo "2487"]
[BlackElo "2210"]
[PlyCount "59"]
[EventDate "2016.07.01"]
[EventType "swiss"]
[EventRounds "6"]
[EventCountry "NED"]
[SourceTitle "CBM 173 Extra"]
[Source "ChessBase"]
[SourceDate "2016.08.29"]
[SourceVersion "1"]
[SourceVersionDate "2016.08.29"]
[SourceQuality "1"]

1. d4 d5 2. c4 e6 3. Nf3 Nf6 4. g3 dxc4 5. Bg2 Bd7 6. Ne5 Bc6 7. Nxc6 Nxc6 8. 0-0 Be7 9. e3 0-0 10. Qa4 Qd7 11. Qxc4 Nd5 12. Nc3 Rfd8 13. Bd2 Rac8 14. Rfd1 Ncb4 15. Ne4 c6 16. a3 Na6 17. b4 Nac7 18. Qb3 Ne8 19. Rab1 Qc7 20. Nc5 b6 21. Nd3 b5 22. Rbc1 Qb7 23. e4 Nb6 24. Nc5 Qb8 25. Bf4 Bd6 26. Bg5 Bxc5 27. bxc5 Nc4 28. Bxd8 Rxd8 29. d5 exd5 30. exd5 1-0

[Event "Haarlem Nova College op 14th"]
[Site "Haarlem"]
[Date "2016.07.02"]
[Round "4"]
[White "Castaneda, Georgui"]
[Black "Van den Doel, Erik"]
[Result "1/2-1/2"]
[WhiteElo "2487"]
[BlackElo "2568"]
[PlyCount "94"]
[EventDate "2016.07.01"]
[EventType "swiss"]
[EventRounds "6"]
[EventCountry "NED"]
[SourceTitle "CBM 173 Extra"]
[Source "ChessBase"]
[SourceDate "2016.08.29"]
[SourceVersion "1"]
[SourceVersionDate "2016.08.29"]
[SourceQuality "1"]

1. d4 d5 2. Nf3 Nf6 3. c4 dxc4 4. Qa4+ Nbd7 5. Nc3 e6 6. e4 a6 7. Bxc4 Rb8 8. Be2 b5 9. Qc2 Bb7 10. a3 c5 11. Bf4 Rc8 12. d5 b4 13. dxe6 fxe6 14. e5 bxc3 15. exf6 Qxf6 16. Bg5 Qf5 17. Bd3 Qf7 18. Qxc3 Bxf3 19. gxf3 Bd6 20. Bxa6 Rb8 21. Rd1 Be5 22. Qd3 Bd4 23. Qe4 0-0 24. 0-0 Rxb2 25. Bd3 g6 26. f4 Nf6 27. Qf3 Nd5 28. Bh6 Bg7 29. Bc4 Bxh6 30. Rxd5 Bxf4 31. Kg2 Be3 32. Qxf7+ Rxf7 33. Rd3 Rfxf2+ 34. Rxf2 Bxf2 35. Rb3 Rc2 36. Bxe6+ Kg7 37. Rb7+ Kf6 38. Bb3 Rb2 39. Bd5 Rd2 40. Rxh7 Rxd5 41. Kxf2 Ke5 42. Ke3 c4 43. Rc7 Rd3+ 44. Ke2 Rxa3 45. Rxc4 Ra2+ 46. Kf3 Rxh2 47. Kg3 Ra2 1/2-1/2

[Event "Haarlem Nova College op 14th"]
[Site "Haarlem"]
[Date "2016.07.02"]
[Round "3"]
[White "Van Oosterom, Chiel"]
[Black "Castaneda, Georgui"]
[Result "0-1"]
[WhiteElo "2387"]
[BlackElo "2487"]
[PlyCount "74"]
[EventDate "2016.07.01"]
[EventType "swiss"]
[EventRounds "6"]
[EventCountry "NED"]
[SourceTitle "CBM 173 Extra"]
[Source "ChessBase"]
[SourceDate "2016.08.29"]
[SourceVersion "1"]
[SourceVersionDate "2016.08.29"]
[SourceQuality "1"]

1. g3 d5 2. Bg2 Nf6 3. f4 c5 4. Nf3 Nc6 5. 0-0 b5 6. d3 Bb7 7. c3 e6 8. Kh1 Be7 9. Be3 0-0 10. Bg1 a5 11. Nbd2 b4 12. Qc2 a4 13. e4 a3 14. Rfd1 axb2 15. Qxb2 Ba6 16. Nb3 bxc3 17. Qxc3 d4 18. Qd2 Bb5 19. Rdc1 Qb6 20. Qe2 Ra4 21. Nfd2 Rfa8 22. e5 Nd5 23. Ne4 Ncb4 24. Nexc5 Rxa2 25. Rxa2 Nxa2 26. Ra1 Bxc5 27. Rxa2 Rd8 28. Rc2 Nc3 29. Rxc3 dxc3 30. Nxc5 Bc6 31. Bxc6 Qxc6+ 32. Qg2 Qb5 33. Be3 Qb2 34. d4 Qb1+ 35. Qg1 Rb8 36. Bc1 Qc2 37. Qe3 Rb2 0-1

[Event "Haarlem Nova College op 14th"]
[Site "Haarlem"]
[Date "2016.07.01"]
[Round "1"]
[White "Van der Heide, Auke"]
[Black "Castaneda, Georgui"]
[Result "0-1"]
[WhiteElo "2039"]
[BlackElo "2487"]
[PlyCount "144"]
[EventDate "2016.07.01"]
[EventType "swiss"]
[EventRounds "6"]
[EventCountry "NED"]
[SourceTitle "CBM 173 Extra"]
[Source "ChessBase"]
[SourceDate "2016.08.29"]
[SourceVersion "1"]
[SourceVersionDate "2016.08.29"]
[SourceQuality "1"]

1. d4 d6 2. Nf3 g6 3. g3 Bg7 4. Bg2 Nd7 5. c4 e5 6. Nc3 Ne7 7. 0-0 0-0 8. dxe5 dxe5 9. Qc2 Nf5 10. e3 Nd6 11. Nd2 f5 12. e4 Nc5 13. b4 Ne6 14. c5 Nd4 15. Qd1 Nxe4 16. Ncxe4 fxe4 17. Nxe4 Be6 18. Be3 a5 19. a3 Bc4 20. Re1 axb4 21. axb4 Rxa1 22. Qxa1 Nc2 23. Qc3 Nxe1 24. Qxc4+ Kh8 25. Ng5 Nxg2 26. Kxg2 Qf6 27. Qd5 h6 28. Ne6 c6 29. Qd7 Rf7 30. Qe8+ Kh7 31. Nxg7 Kxg7 32. h4 Qe7 33. Qa8 Kh7 34. Qa1 Qe6 35. Qb1 Qf5 36. Qb3 Qf3+ 37. Kh2 Qd5 38. Qb1 h5 39. b5 Rd7 40. bxc6 Qxc6 41. Qb3 Qd5 42. Qb6 Rf7 43. Qb5 Qe6 44. Qa4 Rd7 45. Qa8 Qe7 46. Qa4 Qe6 47. Qa8 Qf7 48. Qa4 Rd5 49. Qa2 Qd7 50. Qa8 Qe7 51. Qc8 Rd8 52. Qh3 Qf7 53. Qg2 Rd1 54. Qe4 Qd5 55. Qxd5 Rxd5 56. Kg2 Kg7 57. Kf3 Kf6 58. Ke4 Ke6 59. f3 Rd1 60. f4 exf4 61. Kxf4 Re1 62. Ke4 Kd7 63. Kf3 Kc6 64. Kf2 Rxe3 65. Kxe3 Kxc5 66. Kf4 b5 67. Kg5 b4 68. Kxg6 b3 69. Kxh5 b2 70. g4 b1Q 71. g5 Qh7+ 72. Kg4 Kd5 0-1

[Event "Amsterdam Science Park op-A"]
[Site "Amsterdam"]
[Date "2014.07.12"]
[Round "8"]
[White "Castaneda, Georgui"]
[Black "Kohler, Aran"]
[Result "1-0"]
[WhiteElo "2500"]
[BlackElo "2222"]
[PlyCount "75"]
[EventDate "2014.07.05"]
[EventType "swiss"]
[EventRounds "9"]
[EventCountry "NED"]
[SourceTitle "CBM 161 Extra"]
[Source "ChessBase"]
[SourceDate "2014.08.29"]
[SourceVersion "1"]
[SourceVersionDate "2014.08.29"]
[SourceQuality "1"]

1. d4 d5 2. Nf3 c6 3. c4 Nf6 4. e3 e6 5. b3 Nbd7 6. Bd3 Bb4+ 7. Nbd2 e5 8. dxe5 Bc3 9. Rb1 Nxe5 10. Nxe5 Bxe5 11. 0-0 0-0 12. h3 Re8 13. Qc2 Bc7 14. Rd1 Re5 15. e4 dxe4 16. Nxe4 Nxe4 17. Bf4 Qf6 18. Bxe5 Qxe5 19. Bxe4 g6 20. Kf1 Qh2 21. Qd3 Bf5 22. g4 Bb6 23. Rb2 Bxe4 24. Qxe4 Qxh3+ 25. Qg2 Qh4 26. Qf3 Rd8 27. Rxd8+ Qxd8 28. Re2 Bd4 29. Qe4 Kg7 30. c5 Bf6 31. Kg2 Qd1 32. Re3 h5 33. Rd3 Qc2 34. gxh5 Qxc5 35. hxg6 fxg6 36. Rd7+ Kh6 37. Qf4+ Kh5 38. Rh7# 1-0

[Event "NED-chT 1213"]
[Site "Netherlands"]
[Date "2012.12.15"]
[Round "5.3"]
[White "Solleveld, Maarten"]
[Black "Castaneda, Georgui"]
[Result "1-0"]
[WhiteElo "2518"]
[BlackElo "2518"]
[PlyCount "51"]
[EventDate "2012.09.15"]
[EventType "team-tourn"]
[EventRounds "9"]
[EventCountry "NED"]
[SourceTitle "EXT 2014"]
[Source "ChessBase"]
[SourceDate "2013.11.20"]
[SourceVersion "1"]
[SourceVersionDate "2013.11.20"]
[SourceQuality "1"]
[WhiteTeam "Apeldoorn"]
[BlackTeam "Rotterdam"]
[WhiteTeamCountry "NED"]
[BlackTeamCountry "NED"]

1. e4 d6 2. d4 g6 3. c4 Bg7 4. Nc3 Nf6 5. Bd3 Na6 6. Nge2 e5 7. d5 0-0 8. 0-0 c5 9. f3 Ne8 10. a3 f5 11. f4 Qe7 12. Ng3 exf4 13. Bxf4 g5 14. Bd2 f4 15. Nf5 Bxf5 16. exf5 Bd4+ 17. Kh1 Ng7 18. Qg4 h5 19. Qf3 Be5 20. Rae1 g4 21. Qf2 Nxf5 22. Bxf4 Nd4 23. Qe3 Nc7 24. Bxe5 Rxf1+ 25. Rxf1 dxe5 26. d6 1-0

[Event "Wijk Cultural Village"]
[Site "Wijk aan Zee"]
[Date "2012.11.26"]
[Round "7"]
[White "Castaneda, Georgui"]
[Black "Admiraal, Miguoel"]
[Result "1/2-1/2"]
[WhiteElo "2518"]
[BlackElo "2301"]
[PlyCount "37"]
[EventDate "2012.11.19"]
[EventType "tourn"]
[EventRounds "9"]
[EventCountry "NED"]
[EventCategory "7"]
[SourceTitle "CBM 151 Extra"]
[Source "ChessBase"]
[SourceDate "2012.12.18"]
[SourceVersion "1"]
[SourceVersionDate "2012.12.18"]
[SourceQuality "1"]

1. Nf3 Nf6 2. c4 e6 3. g3 b6 4. Bg2 Bb7 5. 0-0 Be7 6. d4 0-0 7. d5 exd5 8. Nh4 c6 9. cxd5 Nxd5 10. Nf5 Bf6 11. e4 Ne7 12. Nd6 Ba6 13. Re1 Nc8 14. e5 Nxd6 15. exd6 Bc4 16. Nd2 Be6 17. Ne4 Na6 18. Qf3 Nb4 19. Nxf6+ 1/2-1/2

[Event "Wijk Cultural Village"]
[Site "Wijk aan Zee"]
[Date "2012.11.25"]
[Round "6"]
[White "Rozentalis, Eduardas"]
[Black "Castaneda, Georgui"]
[Result "1-0"]
[WhiteElo "2592"]
[BlackElo "2518"]
[PlyCount "77"]
[EventDate "2012.11.19"]
[EventType "tourn"]
[EventRounds "9"]
[EventCountry "NED"]
[EventCategory "7"]
[SourceTitle "CBM 151 Extra"]
[Source "ChessBase"]
[SourceDate "2012.12.18"]
[SourceVersion "1"]
[SourceVersionDate "2012.12.18"]
[SourceQuality "1"]

1. e4 c5 2. Nf3 d6 3. d4 cxd4 4. Qxd4 Nc6 5. Bb5 Bd7 6. Bxc6 Bxc6 7. c4 Nf6 8. Nc3 g6 9. 0-0 Bg7 10. Qd3 0-0 11. Nd4 Rc8 12. Rd1 Qa5 13. f3 a6 14. Bd2 Qe5 15. Be3 Rfd8 16. Rac1 Be8 17. b3 Qa5 18. Qd2 Rb8 19. a4 Rdc8 20. Qf2 Kf8 21. Qh4 Kg8 22. Bh6 Bxh6 23. Qxh6 Qe5 24. Qd2 Rc5 25. Re1 Rbc8 26. Rcd1 Bd7 27. Nd5 Nxd5 28. exd5 Qf6 29. a5 Bf5 30. Re3 R8c7 31. Rde1 Kf8 32. R3e2 Ke8 33. g4 Bc8 34. g5 Qh8 35. Kg2 Kd8 36. Qf4 Qe8 37. Qxd6+ Qd7 38. Qf4 Rxa5 39. Qxf7 1-0

[Event "Helmond Legibus op"]
[Site "Helmond"]
[Date "2012.07.01"]
[Round "8"]
[White "Castaneda, Georgui"]
[Black "Van Oosterom, Chiel"]
[Result "1-0"]
[WhiteElo "2522"]
[BlackElo "2380"]
[PlyCount "71"]
[EventDate "2012.06.30"]
[EventType "swiss (rapid)"]
[EventRounds "9"]
[EventCountry "NED"]
[SourceTitle "CBM 149 Extra"]
[Source "ChessBase"]
[SourceDate "2012.08.24"]
[SourceVersion "1"]
[SourceVersionDate "2012.08.24"]
[SourceQuality "1"]

1. d4 f5 2. Nf3 Nf6 3. c4 g6 4. Nc3 Bg7 5. b4 0-0 6. Bb2 c6 7. e3 Ne4 8. Qb3 Nxc3 9. Bxc3 d5 10. Be2 e6 11. 0-0 Nd7 12. b5 Qe8 13. Rfc1 h6 14. Bb4 Rf7 15. bxc6 bxc6 16. cxd5 cxd5 17. Bb5 Rb8 18. Bd6 Rb6 19. Bc7 Rb7 20. Qd3 Qf8 21. Ba6 Nc5 22. Rxc5 Rbxc7 23. Rac1 Bxa6 24. Qxa6 Rxc5 25. Rxc5 Qe7 26. g3 Qd7 27. Rc6 Re7 28. Ne1 Kf7 29. Nd3 Qb7 30. Kg2 Qxa6 31. Rxa6 g5 32. Nb4 f4 33. Nc6 fxe3 34. fxe3 Re8 35. Rxa7+ Kg6 36. a4 1-0

[Event "Helmond Legibus op"]
[Site "Helmond"]
[Date "2012.06.30"]
[Round "2"]
[White "Castaneda, Georgui"]
[Black "Majhi, Ankit"]
[Result "1-0"]
[WhiteElo "2522"]
[BlackElo "1909"]
[PlyCount "59"]
[EventDate "2012.06.30"]
[EventType "swiss (rapid)"]
[EventRounds "9"]
[EventCountry "NED"]
[SourceTitle "CBM 149 Extra"]
[Source "ChessBase"]
[SourceDate "2012.08.24"]
[SourceVersion "1"]
[SourceVersionDate "2012.08.24"]
[SourceQuality "1"]

1. d4 Nf6 2. Nf3 g6 3. c4 Bg7 4. g3 0-0 5. Bg2 d6 6. 0-0 Nc6 7. d5 Na5 8. Nfd2 c5 9. a3 Nd7 10. Ra2 Ne5 11. Qc2 Qb6 12. b3 Qa6 13. Nc3 Bd7 14. h3 b5 15. f4 bxc4 16. fxe5 Bxe5 17. Nxc4 Nxc4 18. bxc4 Qxc4 19. Ne4 Bb5 20. Bf4 Bd4+ 21. Kh2 Rab8 22. Qd2 Ba4 23. Bh6 Rfc8 24. Qf4 f5 25. Rd2 fxe4 26. Qf7+ Kh8 27. Qxe7 Re8 28. Qxa7 Ra8 29. Qf7 Qc3 30. Rxd4 1-0

[Event "Hilversum op-A"]
[Site "Hilversum"]
[Date "2012.06.24"]
[Round "5"]
[White "Hachijan, Armen"]
[Black "Castaneda, Georgui"]
[Result "0-1"]
[WhiteElo "2196"]
[BlackElo "2522"]
[PlyCount "92"]
[EventDate "2012.06.22"]
[EventType "swiss"]
[EventRounds "6"]
[EventCountry "NED"]
[SourceTitle "CBM 149 Extra"]
[Source "ChessBase"]
[SourceDate "2012.08.24"]
[SourceVersion "1"]
[SourceVersionDate "2012.08.24"]
[SourceQuality "1"]

1. e4 d6 2. d4 g6 3. Nf3 Bg7 4. Bd3 e5 5. dxe5 dxe5 6. Nbd2 Ne7 7. 0-0 0-0 8. Nc4 Nbc6 9. Qe2 Be6 10. c3 h6 11. b4 a6 12. Rd1 Qe8 13. a4 f6 14. Ba3 Na7 15. Ne3 Rf7 16. b5 axb5 17. axb5 Nec8 18. c4 f5 19. Qc2 f4 20. Nd5 c6 21. b6 cxd5 22. cxd5 Bd7 23. bxa7 Ba4 24. Qb2 Bxd1 25. Rxd1 Rxa7 26. d6 Qa4 27. Rc1 Qxa3 28. Rxc8+ Kh7 29. Qb5 Qxd6 30. h4 Rc7 31. Rxc7 Qxc7 32. h5 gxh5 33. Qe8 Ra1+ 34. Kh2 Qc1 35. Ng5+ hxg5 36. Qxh5+ Kg8 37. Qe8+ Bf8 38. Qe6+ Kg7 39. Qxe5+ Kf7 40. Qf5+ Ke7 41. Qxg5+ Kd7 42. Qf5+ Kc7 43. Qe5+ Bd6 44. Qg7+ Kb8 45. Qh8+ Ka7 46. Qd4+ Bc5 0-1

[Event "Tula Novikov Memorial"]
[Site "Tula"]
[Date "2011.10.02"]
[Round "3"]
[White "Moiseev, Viktor"]
[Black "Castaneda, Georgui"]
[Result "1/2-1/2"]
[WhiteElo "2414"]
[BlackElo "2512"]
[PlyCount "44"]
[EventDate "2011.10.01"]
[EventType "tourn"]
[EventRounds "12"]
[EventCountry "RUS"]
[EventCategory "3"]
[SourceTitle "EXT 2012"]
[Source "ChessBase"]
[SourceDate "2011.11.24"]
[SourceVersion "1"]
[SourceVersionDate "2011.11.24"]
[SourceQuality "1"]

1. d4 d5 2. c4 c6 3. cxd5 cxd5 4. Bf4 Nc6 5. e3 Nf6 6. Nc3 Bf5 7. Nf3 e6 8. Bd3 Bxd3 9. Qxd3 Bd6 10. Bxd6 Qxd6 11. 0-0 0-0 12. Rac1 Rac8 13. a3 a6 14. Na4 Nd7 15. b4 a5 16. Nc5 axb4 17. Nxb7 Qc7 18. Nc5 bxa3 19. Nxd7 Qxd7 20. Qxa3 Ra8 21. Qd3 f6 22. Rc5 Rfc8 1/2-1/2

[Event "Moscow 07"]
[Site "Moscow"]
[Date "2009.07.21"]
[Round "8"]
[White "Castaneda, Georgui"]
[Black "Volkov, Sergey"]
[Result "1-0"]
[WhiteElo "2502"]
[BlackElo "2607"]
[PlyCount "39"]
[EventDate "2009.07.13"]
[EventType "tourn"]
[EventRounds "11"]
[EventCountry "RUS"]
[EventCategory "7"]
[SourceTitle "CBM 131 Extra"]
[Source "ChessBase"]
[SourceDate "2009.09.03"]
[SourceVersion "2"]
[SourceVersionDate "2009.09.16"]
[SourceQuality "1"]

1. d4 Nf6 2. Nf3 g6 3. c4 Bg7 4. Nc3 d5 5. e3 0-0 6. cxd5 Nxd5 7. Bc4 Nb6 8. Bb3 c5 9. 0-0 cxd4 10. exd4 Bg4 11. d5 N8d7 12. h3 Bxf3 13. Qxf3 Rc8 14. Bg5 h6 15. Bf4 Nc4 16. Bxc4 Rxc4 17. d6 Ne5 18. Bxe5 Bxe5 19. Qd5 Rxc3 20. Qxe5 1-0

[Event "Moscow 07"]
[Site "Moscow"]
[Date "2009.07.18"]
[Round "6"]
[White "Castaneda, Georgui"]
[Black "Nagibin, George"]
[Result "1/2-1/2"]
[WhiteElo "2502"]
[BlackElo "2392"]
[PlyCount "34"]
[EventDate "2009.07.13"]
[EventType "tourn"]
[EventRounds "11"]
[EventCountry "RUS"]
[EventCategory "7"]
[SourceTitle "CBM 131 Extra"]
[Source "ChessBase"]
[SourceDate "2009.09.03"]
[SourceVersion "2"]
[SourceVersionDate "2009.09.16"]
[SourceQuality "1"]

1. d4 e6 2. e4 d5 3. e5 c5 4. c3 Qb6 5. Bd3 Bd7 6. a3 Bb5 7. Nf3 Bxd3 8. Qxd3 Qa6 9. Qxa6 Nxa6 10. b4 c4 11. a4 Nc7 12. Na3 f6 13. Bf4 g5 14. Bg3 g4 15. Ng1 f5 16. h3 a5 17. b5 Bxa3 1/2-1/2

[Event "Tula Kotov Memorial"]
[Site "Tula"]
[Date "2007.07.07"]
[Round "11"]
[White "Castaneda, Georgui"]
[Black "Yagupov, Igor"]
[Result "1/2-1/2"]
[WhiteElo "2457"]
[BlackElo "2494"]
[PlyCount "38"]
[EventDate "2007.06.30"]
[EventType "tourn"]
[EventRounds "13"]
[EventCountry "RUS"]
[EventCategory "9"]
[SourceTitle "CBM 119 Extra"]
[Source "ChessBase"]
[SourceDate "2007.09.04"]
[SourceVersion "1"]
[SourceVersionDate "2007.09.04"]
[SourceQuality "1"]

1. Nf3 d5 2. c4 c6 3. d4 Nf6 4. Nc3 e6 5. Bg5 h6 6. Bxf6 Qxf6 7. e3 Nd7 8. Qc2 g6 9. Be2 dxc4 10. Bxc4 Bg7 11. 0-0 0-0 12. Bb3 Qe7 13. Ne4 e5 14. Ng3 Kh8 15. Rad1 Re8 16. dxe5 Nxe5 17. Nxe5 Bxe5 18. f4 Bg7 19. e4 Bg4 1/2-1/2

[Event "Tula Kotov Memorial"]
[Site "Tula"]
[Date "2007.07.03"]
[Round "5"]
[White "Castaneda, Georgui"]
[Black "Kovchan, Alexander"]
[Result "1/2-1/2"]
[WhiteElo "2457"]
[BlackElo "2527"]
[PlyCount "36"]
[EventDate "2007.06.30"]
[EventType "tourn"]
[EventRounds "13"]
[EventCountry "RUS"]
[EventCategory "9"]
[SourceTitle "CBM 119 Extra"]
[Source "ChessBase"]
[SourceDate "2007.09.04"]
[SourceVersion "1"]
[SourceVersionDate "2007.09.04"]
[SourceQuality "1"]

1. Nf3 Nf6 2. d4 g6 3. c4 Bg7 4. g3 0-0 5. Bg2 c6 6. Nc3 d5 7. cxd5 cxd5 8. Ne5 e6 9. 0-0 Nfd7 10. f4 Nc6 11. Be3 Nb6 12. Bf2 Bd7 13. e4 Ne7 14. Nxd7 Qxd7 15. e5 Rfc8 16. Rc1 Rc7 17. b3 Rac8 18. Qd2 Nf5 1/2-1/2

[Event "Tula Kotov Memorial"]
[Site "Tula"]
[Date "2007.07.01"]
[Round "3"]
[White "Castaneda, Georgui"]
[Black "Domogaev, Sergey"]
[Result "1-0"]
[WhiteElo "2457"]
[BlackElo "2383"]
[PlyCount "33"]
[EventDate "2007.06.30"]
[EventType "tourn"]
[EventRounds "13"]
[EventCountry "RUS"]
[EventCategory "9"]
[SourceTitle "CBM 119 Extra"]
[Source "ChessBase"]
[SourceDate "2007.09.04"]
[SourceVersion "1"]
[SourceVersionDate "2007.09.04"]
[SourceQuality "1"]

1. Nf3 Nf6 2. d4 g6 3. c4 Bg7 4. Nc3 0-0 5. g3 d6 6. Bg2 c6 7. 0-0 Qa5 8. e4 Bg4 9. h3 Bxf3 10. Bxf3 e5 11. Be3 Nbd7 12. Rb1 exd4 13. Bxd4 Rfe8 14. Qc2 a6 15. b4 Qg5 16. h4 Qh6 17. Be3 1-0

[Event "Tula Suetin Memorial"]
[Site "Tula"]
[Date "2006.11.28"]
[Round "12"]
[White "Kupreichik, Viktor D"]
[Black "Castaneda, Georgui"]
[Result "1/2-1/2"]
[WhiteElo "2402"]
[BlackElo "2477"]
[PlyCount "33"]
[EventDate "2006.11.21"]
[EventType "tourn"]
[EventRounds "13"]
[EventCountry "RUS"]
[EventCategory "8"]
[SourceTitle "EXT 2010"]
[Source "ChessBase"]
[SourceDate "2010.11.25"]
[SourceVersion "1"]
[SourceVersionDate "2010.11.25"]
[SourceQuality "1"]

1. Nc3 e6 2. e4 d5 3. d4 Nf6 4. Bg5 Be7 5. e5 Nfd7 6. h4 Bxg5 7. hxg5 Qxg5 8. Rh5 Qe7 9. Qg4 f5 10. Qh3 Nf8 11. 0-0-0 Bd7 12. g4 fxg4 13. Qxg4 Nc6 14. Rg5 Rg8 15. Nge2 0-0-0 16. Nf4 a6 17. Rh5 1/2-1/2